000 00620nam a2200253Ia 4500
003 OSt
005 20220912145804.0
006 a|||||r|||| 00| 0
007 ta
008 220909b |||||||| |||| 00| 0 eng d
024 _a76291
037 _cTextbook
040 _aCSL
_beng
_cCSL
041 _aeng
082 _aL:2, L2.1
100 _aWolf Heidegger G
245 0 _aAtlas of systematic human anatomy
250 _a3
260 _aBasel
_bS Karger
_c1972
300 _ap.
_ccm.
650 _aHuman anatomy
942 _hL:2, L2.1
_cTB
_2CC
999 _c38299
_d38299